Statistiques concernant Voc allemand - Espace

Cliquez ici pour prendre le quiz!

Statistiques générales

  • Ce quiz a été pris 9 fois
    (5 depuis la dernière actualisation)
  • Le résultat moyen est 46 sur 94

Statistiques - réponses

HintRéponse% Correct
NebenA côté
100%
MittenAu milieu
100%
AusserhalbEn dehors de
100%
ZwischenEntre
100%
EntlangLe long de
100%
Die MitteLe milieu
100%
Fallen / StürzenTomber
100%
Weg(Au) loin
80%
VersteckenCacher
80%
GegenContre
80%
HinterDerrière
80%
Vorbei / vor(n)Devant
80%
DickGros
80%
HochHaut
80%
Da
80%
Dort / DrübenLà-bas
80%
Die Linie, -nLa ligne
80%
Das Zentrum, ZentrenLe centre
80%
Der Boden, -"Le sol
80%
Weit / FernLoin
80%
ZeigenMontrer
80%
WeiterPlus loin
80%
(Da)beiPrès
80%
Sich befindenSe trouver
80%
Hin / herVers là-bas / vers ici
80%
InnerhalbA l'intérieur
60%
AnkommenArriver
60%
Durch / QuerÀ travers
60%
NiedrigBas
60%
SinkenCouler
60%
KrummCourbe / tordu
60%
Laufen / RennenCourir
60%
DraussenDehors
60%
GeradeDroit
60%
Schmal / EngÉtroit
60%
Die Richtung, -enLa direction
60%
Die Länge, -nLa longueur
60%
Der Verlust, -eLa perte
60%
BreitLarge
60%
Die AnkunftL'arrivée
60%
Der Kreis, -eLe cercle
60%
Die Seite, -nLe côté
60%
SteigenMonter
60%
VerlierenPerdre
60%
RundRond
60%
RollenRouler
60%
AufstehenSe (re)lever
60%
SchiefDe travers / incliné
40%
VorwärtsEn avant
40%
UnterwegsEn route / en chemin
40%
KletternGrimper
40%
Die Grösse, -nLa grandeur / la taille
40%
Die Stufe, -nLa marche
40%
Der WinkelL'angle
40%
Die Kugel, -nLa sphère
40%
Die Bewegung, -enLe mouvement
40%
Die Stelle, -nL'endroit / la place
40%
Die RückkehrLe retour
40%
Das ZeichenLe signe
40%
Der Raum, ¨-eL'espace
40%
NirgendsNulle part
40%
ÜberallPartout
40%
SpitzPointu
40%
Sich nähernS'approcher
40%
Sich bewegenSe déplacer / bouger
40%
FolgenSuivre
40%
AbbiegenTourner
40%
EntdeckenTrouver
40%
ÜberholenDépasser
20%
(Sich) vergrössern
(S')agrandir
20%
RückwärtsEn arrière
20%
GegenüberEn face
20%
BremsenFreiner
20%
Die Entfernung, -enLa distance
20%
Die NäheLa proximité
20%
Die Fläche, -nLa surface
20%
Die Geschwindigkeit, -enLa vitesse
20%
Die Leiter, -nL'échelle
20%
Die Treppe, -nL'escalier
20%
Das Dreieck, -eLe triangle
20%
DünnMince
20%
AufhebenRamasser
20%
Anhalten / stehen bleiben(S')arrêter
20%
ÜberquerenTraverser
20%
FortAbsent
0%
HintenAu fond
0%
WaagerechtHorizontal
0%
Die EileLa hâte
0%
Die Lage, -nL'emplacement
0%
Die Strecke, -nLe trajet
0%
AbfahrenPartir (en voiture)
0%
SteilRaide
0%
UmdrehenRetourner
0%
SenkrechtVertical
0%

Distribution des résultats

Percentile par nombre de réponses

% des personnes avec chaque résultat

Votre développement - résultats

Vous n’avez pas pris ce quiz depuis la dernière actualisation